000 00375nam a2200133Ia 4500
005 20260328104321.0
008 260328s9999||||xx |||||||||||||| ||und||
100 _aPol, Francisco
245 0 _aNueva Arquitectura Urbana en la Ciudad europea /
_cFrancisco Pol
260 _bUniversidad Internacional Menéndez Pelayo
300 _a197 p.
650 _aURBANISMO
942 _cBK
999 _c11355
_d11355